Fly ash, silica fume, slag & natural pozzolans in concrete : (Record no. 848)
[ view plain ]
| 000 -LEADER | |
|---|---|
| fixed length control field | 00626 a2200157 4500 |
| 082 ## - DEWEY DECIMAL CLASSIFICATION NUMBER | |
| Classification number | 620.136 ACI |
| 100 ## - MAIN ENTRY--PERSONAL NAME | |
| Personal name | Edited by Malhotra,V.M. |
| 245 ## - TITLE STATEMENT | |
| Title | Fly ash, silica fume, slag & natural pozzolans in concrete : |
| Remainder of title | proceedings, Sixth CANMET/ACI International Conference, Bangkok, Thailand, 1998 [vol-2]/ |
| Statement of responsibility, etc. | editor, V.M. Malhotra. |
| 260 ## - PUBLICATION, DISTRIBUTION, ETC. | |
| Place of publication, distribution, etc. | Farmington Hills, Mich. : |
| Name of publisher, distributor, etc. | ACI International, |
| Date of publication, distribution, etc. | c1998. |
| 300 ## - PHYSICAL DESCRIPTION | |
| Extent | 2 v. (x, 1154 p.) : |
| Other physical details | ill. ; |
| Dimensions | 23 cm. |
| 650 ## - SUBJECT ADDED ENTRY--TOPICAL TERM | |
| Topical term or geographic name entry element | Concrete |
| General subdivision | SP 178 |
| 650 ## - SUBJECT ADDED ENTRY--TOPICAL TERM | |
| Topical term or geographic name entry element | Fly ash |
| General subdivision | Congresses. |
| 650 ## - SUBJECT ADDED ENTRY--TOPICAL TERM | |
| Topical term or geographic name entry element | Silica fume |
| General subdivision | Congresses. |
| 650 ## - SUBJECT ADDED ENTRY--TOPICAL TERM | |
| Topical term or geographic name entry element | Pozzuolanas |
| General subdivision | Congresses. |
| 650 ## - SUBJECT ADDED ENTRY--TOPICAL TERM | |
| Topical term or geographic name entry element | Slag |
| General subdivision | Congresses. |
| 830 #0 - SERIES ADDED ENTRY--UNIFORM TITLE | |
| Uniform title | Publication SP ; |
| Withdrawn status | Lost status | Damaged status | Not for loan | Permanent Location | Current Location | Shelving location | Date acquired | Total Checkouts | Full call number | Barcode | Date last seen | Price effective from | Koha item type |
|---|---|---|---|---|---|---|---|---|---|---|---|---|---|
| School of Civil and Environmental Engineering (SCEE) | School of Civil and Environmental Engineering (SCEE) | 620.136 ACI | NIT-2363 | 01/05/2017 | 01/05/2017 | Book | |||||||
| School of Civil and Environmental Engineering (SCEE) | School of Civil and Environmental Engineering (SCEE) | NIT-2364 | 01/05/2017 | 01/05/2017 | Book |
